MARC

LEADER 00000nam0a2200000 4500
001 138803
005 20240802163222.0
010 |a 5270003945 
035 |a (RuTPU)RU\TPU\book\150382 
090 |a 138803 
100 |a 20080529d1989 m y0rusy5003 ca 
101 0 |a rus 
102 |a RU 
105 |a y z 000ay 
200 1 |a На Золотых песках. Матерь Человеческая  |e повести  |f В. А. Закруткин 
210 |a Москва  |c Современник  |d 1989 
215 |a 336 с.  |d 21 см 
606 1 |a Русская литература современная  |9 50316 
610 1 |a советская литература 
610 1 |a повести 
610 1 |a художественная литература 
610 1 |a Великая Отечественная война 1941-1945 
610 1 |a Сталинград 
675 |a Р2  |v 3 
700 1 |a Закруткин  |b В. А.  |g Виталий Александрович  |4 070 
801 0 |a RU  |b RuMRKP  |c 19950417  |g psbo 
801 1 |a RU  |b 63413507  |c 20080529  |g PSBO 
801 2 |a RU  |b 63413507  |c 20150515  |g PSBO 
942 |c BK